000 00319nam a22001337a 4500
008 170905b xxu||||| |||| 00| 0 eng d
020 _a9780805823332
041 _aeng
080 _a070
100 _a40
101 _aMED
245 _aSEX DIFFERENCES AND SIMILARITIES IN COMMUNICATION
_cCANARY,D.J
942 _2udc
_cBK
999 _c26191
_d26191